Encyclopedia judaica yearbook 1974 (Record no. 106484)

MARC details
000 -LEADER
fixed length control field 00671nam a2200241Ia 4500
003 - CONTROL NUMBER IDENTIFIER
control field OSt
005 - DATE AND TIME OF LATEST TRANSACTION
control field 20220918105357.0
008 - FIXED-LENGTH DATA ELEMENTS--GENERAL INFORMATION
fixed length control field 220915b |||||||| |||| 00| 0 eng d
037 ## - SOURCE OF ACQUISITION
Terms of availability Reference Collections
040 ## - CATALOGING SOURCE
Original cataloging agency ARTS
Transcribing agency ARTS
Language of cataloging eng
041 ## - LANGUAGE CODE
Source of code eng
Language code of text/sound track or separate title eng
100 ## - MAIN ENTRY--PERSONAL NAME
Personal name Rabinwitz Louis l Ed.
9 (RLIN) 666
245 #0 - TITLE STATEMENT
Title Encyclopedia judaica yearbook 1974
Remainder of title Events of 1973
260 ## - PUBLICATION, DISTRIBUTION, ETC.
Date of publication, distribution, etc. 1974
300 ## - PHYSICAL DESCRIPTION
Extent xix, 444p.
650 ## - SUBJECT ADDED ENTRY--TOPICAL TERM
Topical term or geographic name entry element RELIGION
9 (RLIN) 41
942 ## - ADDED ENTRY ELEMENTS (KOHA)
Classification part Q5kn1,N74, L4(RR)
Koha item type Reference
Holdings
Withdrawn status Lost status Damaged status Not for loan Home library Current library Date acquired Total Checkouts Full call number Barcode Date last seen Price effective from Koha item type
        Arts Library Arts Library 2022-09-18   Q5kn1,N74 L4(RR) AL0520077 2022-09-18 2022-09-18 Reference
Copyright @ Delhi University Library System